Loading...
Sociology: A /study of the Social Sphere/
| Main Author: | |
|---|---|
| Format: | Printed Book |
| Published: |
Delhi:
Pearson,
2012.
|
| LEADER | 00420nam a22001217a 4500 | ||
|---|---|---|---|
| 999 | |c 278789 |d 278789 | ||
| 020 | |a 9788131760796 | ||
| 082 | |a 301 ATA.S | ||
| 100 | |a Atal,Yogesh | ||
| 245 | |a Sociology: |b A /study of the Social Sphere/ |c Yogesh Atal. | ||
| 260 | |a Delhi: |b Pearson, |c 2012. | ||
| 942 | |c BK | ||
| 952 | |0 0 |1 0 |4 0 |6 301_000000000000000_ATA_S |7 0 |8 NFIC |9 297242 |a POL |b POL |c GEN |d 2020-03-13 |l 0 |o 301 ATA.S |p POL20425 |r 2020-03-13 |w 2020-03-13 |y BK | ||